Los animales parleros / (Record no. 42128)

MARC details
000 -LEADER
campo de control de longitud fija 00603nam a2200157 i 4500
001 - NÚMERO DE CONTROL
campo de control 42128
003 - IDENTIFICADOR DE NÚMERO DE CONTROL
campo de control ES-MaACL
005 - FECHA Y HORA DE LA ÚLTIMA TRANSACCIÓN
campo de control 20230906160543.0
007 - CAMPO FIJO DE DESCRIPCIÓN FÍSICA--INFORMACIÓN GENERAL
campo de control de longitud fija t|
008 - DATOS DE LONGITUD FIJA--INFORMACIÓN GENERAL
campo de control de longitud fija 030312s1840 sp ||||1| spa d
100 1# - ENTRADA PRINCIPAL--NOMBRE DE PERSONA
Nombre de persona Casti, Giovanni Battista.
9 (RLIN) 36627
245 14 - MENCIÓN DEL TÍTULO
Título Los animales parleros /
Mención de responsabilidad, etc. poema épico escrito en verso italiano por Giovanni Battista Casti ; vertido en prosa castellana por J. M. L. y M. F. ; va añadida con los orígeness de la obra del mismo autor.
260 ## - PUBLICACIÓN, DISTRIBUCIÓN, ETC.
Lugar de publicación, distribución, etc. Barcelona :
Nombre del editor, distribuidor, etc. [s.n.],
Fecha de publicación, distribución, etc. 1840 (
Fabricante Ramón Martín Yudar)
300 ## - DESCRIPCIÓN FÍSICA
Extensión 3 t. en 1 v. ;
Dimensiones 16 cm.
852 ## - LOCALIZACIÓN
Ubicación ES-MaACL
Número de control de estantería G-493
Holdings
Estatus retirado Estado de pérdida Estado de daño No para préstamo Colección Biblioteca de origen Biblioteca actual Ubicación en estantería Fecha de adquisición Fuente de adquisición Total de préstamos Signatura topográfica completa Código de barras Visto por última vez Precio de reemplazo Tipo de ítem Koha
        Libros del s. XIX Biblioteca del Ateneo de Madrid Biblioteca del Ateneo de Madrid Depósito 2 17/01/2008     G-493 1044340 23/02/2023 23/02/2023 Libro impreso antiguo